000 00262nam a2200109Ia 4500
008 190216s9999||||xx |||||||||||||| ||und||
100 _aVaikam Muhammed Basheer
245 0 _aBasheer
260 _bDc Books
650 _aMalayalam-Malayalam Criticism
942 _cBK
999 _c26042
_d26042